000 00456nam a22001577a 4500
008 161102b xxu||||| |||| 00| 0 eng d
050 _aB791.J6
100 _aJoab, Curil Edwin Mitchinson
_927205
245 _aPieces of mind
_c/Curil Edwin Mitchinson Joad
260 _aLondon
_bFaber and Faber
_c1942
300 _a159p.;
_c19cm.
650 _aPhilosophy, Murder
_927206
650 _aWorth
_927207
650 _aReality
_927208
942 _2lcc
_cMONOGRAPH
999 _c125642
_d125642